Alternatívny transfér rizika
Informácia o zámeroch a cieľoch dizeratačnej práce, obhajoba ktorej sa konala 7. septembra 2010.
Na minha lista:
| Autor principal: | |
|---|---|
| Formato: | Capítulo de Livro |
| Idioma: | eslovaco |
| Assuntos: | |
| Tags: |
Sem tags, seja o primeiro a adicionar uma tag!
|
MARC
| LEADER | 00000naa a2200000 4500 | ||
|---|---|---|---|
| 001 | 0126506 | ||
| 005 | 20240429122817.2 | ||
| 041 | 0 | |a slo | |
| 044 | |a SK | ||
| 245 | 1 | 0 | |a Alternatívny transfér rizika |c Petra Chmelová |
| 520 | |a Informácia o zámeroch a cieľoch dizeratačnej práce, obhajoba ktorej sa konala 7. septembra 2010. | ||
| 610 | 2 | 0 | |a práce kvalifikačné |
| 610 | 2 | 0 | |a riziko |
| 610 | 2 | 0 | |a škody |
| 610 | 2 | 0 | |a opcie |
| 610 | 2 | 0 | |a zaistenie |
| 610 | 2 | 0 | |a trh kapitálový |
| 100 | 1 | |a Chmelová, Petra | |